00747nam a22002057a 4500999001900000005001700019010001500036020002600051035001400077037001300091082001300104100001500117245006600132260005600198270005400254300005500308700002600363942002700389952012500416 c193957d19395720221129102806.0 aENG-135745 a9788171641581c800.00 aEN-119277 bDBAD/PUB a635.0423 aNath, Prem aTextbook of vegetable crops/cby Prem Nath [and] K.R.M. Swamy aPusabIndian Council of agricultural researchc2016 aKrishi anusandhan bhawan, PusabNew Delhie110012 a476 p..c24cm(pbk)bIndex, Acronym & Bibiliography aSwamy, K.R.M.eAuthor 2ddccENmNATh635.0423 001040708NFICaBL4bBL4d2022-11-29eDBAD/PUBg800.00l0o635.0423 NATpEN-119277r2022-11-29 00:00:00t1v800.00yEN